| 000 | 00425nam a22001577a 4500 | ||
|---|---|---|---|
| 003 | NUST | ||
| 005 | 20260217142303.0 | ||
| 008 | 260217b ||||| |||| 00| 0 eng d | ||
| 082 |
_a515.15 _bTAL |
||
| 100 |
_aM. N. M. Talpur. _9133300 |
||
| 245 |
_aCalculus and Analytic Geometry / _cM. N. M. Talpur. |
||
| 260 |
_aPakistan: _bFerozsons Ltd., _c1982. |
||
| 300 |
_a488 p ; _c28.5 cm |
||
| 563 | _aPaperback | ||
| 942 |
_2ddc _cBK |
||
| 999 |
_c616275 _d616275 |
||